Memoria leída por el Fiscal del Tribunal Supremo en el acto de la solemne apertura de los tribunales, el día 1º de Septiembre de 1909. (Record no. 102092)

MARC details
000 -LEADER
campo de control de longitud fija 00494nam a2200145 i 4500
001 - NÚMERO DE CONTROL
campo de control 102092
003 - IDENTIFICADOR DE NÚMERO DE CONTROL
campo de control ES-MaACL
005 - FECHA Y HORA DE LA ÚLTIMA TRANSACCIÓN
campo de control 20230906183037.0
007 - CAMPO FIJO DE DESCRIPCIÓN FÍSICA--INFORMACIÓN GENERAL
campo de control de longitud fija t|
008 - DATOS DE LONGITUD FIJA--INFORMACIÓN GENERAL
campo de control de longitud fija 051103s1909 cu ||||1| spa d
245 00 - MENCIÓN DEL TÍTULO
Título Memoria leída por el Fiscal del Tribunal Supremo en el acto de la solemne apertura de los tribunales, el día 1º de Septiembre de 1909.
260 ## - PUBLICACIÓN, DISTRIBUCIÓN, ETC.
Lugar de publicación, distribución, etc. La Habana :
Nombre del editor, distribuidor, etc. [s.n.],
Fecha de publicación, distribución, etc. 1909 (
Fabricante Imp. de Rambla, Bouza y Cía.)
300 ## - DESCRIPCIÓN FÍSICA
Extensión 130 p. ;
Dimensiones 26 cm.
852 ## - LOCALIZACIÓN
Ubicación ES-MaACL
Número de control de estantería G-9964
Holdings
Estatus retirado Estado de pérdida Estado de daño No para préstamo Biblioteca de origen Biblioteca actual Ubicación en estantería Fecha de adquisición Fuente de adquisición Total de préstamos Signatura topográfica completa Código de barras Visto por última vez Precio de reemplazo Tipo de ítem Koha
        Biblioteca del Ateneo de Madrid Biblioteca del Ateneo de Madrid Sala Pecera Planta 3 17/01/2008     G-9964 1106577 23/02/2023 23/02/2023 Libro impreso